Spell the Marvel Character #213 - Statistics

General Stats
  • This quiz has been taken 19 times
  • The average score is 5 of 6
Answer Stats
Picture Answer % Correct
Iron Man
100%
Angel
89%
Ms. Marvel
83%
Magik
67%
Genis-Vell
56%
Karma
56%
No matching quizzes found
Score Distribution
Percent of People with Each Score
Percentile by Number Answered
Your Score History
You have not taken this quiz